000 00334nam a2200133Ia 4500
005 20251222141920.0
008 251222s9999||||xx |||||||||||||| ||spa||
020 _a997233263-2
082 _a338.98/R93
100 _aRuibal Handabaka, Alberto
245 0 _aCorredores Interoceánicos Suramericanos:
264 _bFimart
942 _cLIB
999 _c8674
_d8674